[Event "DEN-chT 2425 62nd"]
[Site "Denmark"]
[Date "2025.03.29"]
[Round "8.7"]
[White "Akdag, Dara Sevkan"]
[Black "Simonsen, Carsten"]
[Result "0-1"]
[WhiteElo "2154"]
[BlackElo "2202"]
[PlyCount "86"]
[EventDate "2024.11.02"]
[EventType "team-tourn"]
[EventRounds "9"]
[EventCountry "DEN"]
[SourceTitle "CB16_2025"]
[SourceDate "2025.04.16"]
[SourceVersion "1"]
[SourceVersionDate "2025.04.16"]
[SourceQuality "1"]
[WhiteTeam "BMS"]
[BlackTeam "Obro"]
[WhiteTeamCountry "DEN"]
[BlackTeamCountry "DEN"]

1. Nf3 c5 2. g3 Nc6 3. Bg2 g6 4. d4 cxd4 5. Nxd4 Bg7 6. Nxc6 bxc6 7. 0-0 Rb8 8. Qd3 Nf6 9. e4 0-0 10. Qa3 Qb6 11. Nc3 d6 12. Rb1 a5 13. Na4 Qb4 14. Qxb4 axb4 15. c4 Ba6 16. b3 Nd7 17. Bg5 Rfe8 18. Rfe1 c5 19. Rbd1 Bb7 20. f4 Bd4+ 21. Kh1 f6 22. Bh3 Bc6 23. Bh6 Kf7 24. Bg2 e5 25. h4 Ra8 26. f5 Bxa4 27. bxa4 Rxa4 28. Re2 Rea8 29. Rdd2 Nb6 30. Rc2 Ra3 31. g4 Rc3 32. Rxc3 bxc3 33. g5 Nxc4 34. Bh3 Rb8 35. gxf6 Rb2 36. Re1 c2 37. fxg6+ hxg6 38. Rf1 Rb1 39. Bc1 Ne3 40. Be6+ Kf8 41. h5 gxh5 42. a4 Bb2 43. a5 Rxc1 0-1

[Event "DEN-chT 2425 62nd"]
[Site "Denmark"]
[Date "2024.11.03"]
[Round "2.6"]
[White "Simonsen, Carsten"]
[Black "Hansen, Per"]
[Result "1-0"]
[WhiteElo "2168"]
[BlackElo "2079"]
[PlyCount "47"]
[EventDate "2024.11.02"]
[EventType "team-tourn"]
[EventRounds "9"]
[EventCountry "DEN"]
[SourceTitle "CB45_2024"]
[Source "ChessBase"]
[SourceDate "2024.11.06"]
[SourceVersion "1"]
[SourceVersionDate "2024.11.06"]
[SourceQuality "1"]
[WhiteTeam "Obro"]
[BlackTeam "Fredericia"]
[WhiteTeamCountry "DEN"]
[BlackTeamCountry "DEN"]

1. d4 d6 2. e4 Nf6 3. Nc3 Nbd7 4. Nf3 e5 5. Rg1 Be7 6. g4 h6 7. Be3 c6 8. Qd2 b5 9. a3 Qc7 10. Be2 Bb7 11. g5 hxg5 12. Nxg5 a6 13. h3 Rc8 14. b3 Nf8 15. f4 Ng6 16. f5 Nf8 17. Bf3 N8d7 18. Qg2 Bf8 19. 0-0-0 exd4 20. Bxd4 Ne5 21. Kb2 Nh7 22. Ne6 fxe6 23. Bh5+ g6 24. Bxe5 1-0

[Event "DEN-chT 2425 62nd"]
[Site "Denmark"]
[Date "2024.11.02"]
[Round "1.6"]
[White "Sobjerg, Erik"]
[Black "Simonsen, Carsten"]
[Result "1/2-1/2"]
[WhiteElo "2266"]
[BlackElo "2168"]
[PlyCount "138"]
[EventDate "2024.11.02"]
[EventType "team-tourn"]
[EventRounds "9"]
[EventCountry "DEN"]
[SourceTitle "CB45_2024"]
[Source "ChessBase"]
[SourceDate "2024.11.06"]
[SourceVersion "1"]
[SourceVersionDate "2024.11.06"]
[SourceQuality "1"]
[WhiteTeam "Aarhus/Skolerne"]
[BlackTeam "Obro"]
[WhiteTeamCountry "DEN"]
[BlackTeamCountry "DEN"]

1. e4 c5 2. Nf3 d6 3. d4 cxd4 4. Nxd4 Nf6 5. Nc3 a6 6. Bg5 e6 7. Qf3 Nbd7 8. Be2 Qa5 9. Bd2 Qc7 10. g4 Ne5 11. Qh3 Nc4 12. g5 Nxd2 13. gxf6 Nc4 14. 0-0-0 gxf6 15. f4 Nb6 16. f5 e5 17. Nb3 Bd7 18. Bh5 a5 19. Rd3 a4 20. Nd2 Rc8 21. Kb1 a3 22. b3 Be7 23. Rc1 Qc5 24. Qg3 Rf8 25. Nf1 Qb4 26. Qe1 Rg8 27. Ne3 Bc6 28. Bf3 Qc5 29. Qh4 Bb5 30. Nxb5 Qxb5 31. Qxh7 Rf8 32. Qh6 Qb4 33. c3 Qb5 34. Rcd1 Na4 35. Nd5 Nb2 36. c4 Qc5 37. Qd2 Nxd3 38. Qxd3 Rg8 39. Be2 Rg1 40. b4 Rxd1+ 41. Qxd1 Qc6 42. Qg1 Kd8 43. Qa7 Qa6 44. Qe3 Ra8 45. h4 Qa7 46. Nb6 Ke8 47. c5 dxc5 48. Bb5+ Kf8 49. Nxa8 Qxa8 50. Qh6+ Kg8 51. Bc4 Qf8 52. Qg6+ Qg7 53. Qxg7+ Kxg7 54. b5 Bd8 55. Bd5 b6 56. Kc2 c4 57. Kc3 Be7 58. Bxc4 Bc5 59. Bb3 Be3 60. Kb4 Bc5+ 61. Kc4 Be3 62. Kd5 Bf2 63. Kc6 Be3 64. Kd7 Bf2 65. h5 Be3 66. Ke8 Kh6 67. Kxf7 Bg5 68. Bd1 Bh4 69. Ke7 Bg5 1/2-1/2

[Event "Copenhagen Obro CXU op"]
[Site "Copenhagen"]
[Date "2024.07.27"]
[Round "8"]
[White "Simonsen, Carsten"]
[Black "Srikant Koduri, Advaitt"]
[Result "0-1"]
[WhiteElo "2212"]
[BlackElo "2114"]
[PlyCount "80"]
[EventDate "2024.07.22"]
[EventType "swiss"]
[EventRounds "9"]
[EventCountry "DEN"]
[SourceTitle "CBM 221 Extra"]
[Source "ChessBase"]
[SourceDate "2024.09.30"]
[SourceVersion "1"]
[SourceVersionDate "2024.09.30"]
[SourceQuality "1"]

1. d4 d5 2. Nf3 Nf6 3. Bf4 e6 4. e3 c5 5. c3 Nc6 6. Nbd2 Bd6 7. Bg3 0-0 8. Bd3 b6 9. e4 Be7 10. e5 Nh5 11. Ng5 Bxg5 12. Qxh5 g6 13. Qe2 cxd4 14. h4 Bh6 15. h5 dxc3 16. bxc3 Bg7 17. hxg6 hxg6 18. Bh4 Qc7 19. f4 Nxe5 20. fxe5 Qxc3 21. Rb1 Qxe5 22. Qxe5 Bxe5 23. Nf3 Bg7 24. 0-0 Bb7 25. Bg3 Rac8 26. Ne5 Rc3 27. Rb3 d4 28. Nd7 Rfc8 29. Nf6+ Bxf6 30. Rxf6 Rxb3 31. axb3 Rc3 32. Be5 Rxd3 33. Rf4 Kf8 34. Bf6 Rxb3 35. Rxd4 Bd5 36. g4 Ke8 37. g5 Kd7 38. Kf2 a5 39. Ke2 Kd6 40. Kd2 b5 0-1

[Event "Copenhagen Obro CXU op"]
[Site "Copenhagen"]
[Date "2024.07.26"]
[Round "7"]
[White "Bhagat, Kush"]
[Black "Simonsen, Carsten"]
[Result "1-0"]
[WhiteElo "2188"]
[BlackElo "2212"]
[PlyCount "72"]
[EventDate "2024.07.22"]
[EventType "swiss"]
[EventRounds "9"]
[EventCountry "DEN"]
[SourceTitle "CBM 221 Extra"]
[Source "ChessBase"]
[SourceDate "2024.09.30"]
[SourceVersion "1"]
[SourceVersionDate "2024.09.30"]
[SourceQuality "1"]

1. d4 Nf6 2. Bf4 g6 3. Nc3 d5 4. Nf3 Bg7 5. Nb5 Na6 6. e3 0-0 7. Be2 c6 8. Nc3 Bg4 9. Bxa6 bxa6 10. Be5 Ne4 11. Bxg7 Nxc3 12. Qd3 Kxg7 13. Qxc3 Bxf3 14. gxf3 Qd7 15. h4 h5 16. Qd3 Rab8 17. 0-0-0 Qb7 18. Qc3 a5 19. f4 e6 20. Rhg1 Qb4 21. Rd3 Rfc8 22. f3 Qe7 23. Rg5 Qc7 24. Rd2 Rb4 25. Rdg2 Rh8 26. Qd3 Rh6 27. a3 Rb8 28. Qc3 Qb6 29. e4 Qb5 30. Rg1 f5 31. exf5 exf5 32. Rxf5 Re8 33. Re5 Rxe5 34. dxe5 c5 35. f5 d4 36. Qd3 Qe8 1-0

[Event "Copenhagen Obro CXU op"]
[Site "Copenhagen"]
[Date "2023.07.25"]
[Round "2"]
[White "Haubro, Martin"]
[Black "Simonsen, Carsten"]
[Result "1/2-1/2"]
[WhiteElo "2386"]
[BlackElo "2201"]
[PlyCount "90"]
[EventDate "2023.07.24"]
[EventType "swiss"]
[EventRounds "9"]
[EventCountry "DEN"]
[SourceTitle "CBM 215 Extra"]
[Source "ChessBase"]
[SourceDate "2023.09.30"]
[SourceVersion "1"]
[SourceVersionDate "2023.09.30"]
[SourceQuality "1"]

1. e4 c5 2. Nf3 d6 3. d4 cxd4 4. Nxd4 Nf6 5. Nc3 a6 6. h3 e5 7. Nb3 Be7 8. g4 h6 9. f4 Nc6 10. Qf3 d5 11. exd5 Nb4 12. fxe5 Nfxd5 13. Nxd5 Bh4+ 14. Kd1 Nxd5 15. Bd3 Nb4 16. Bd2 Nxd3 17. Qxd3 Qe7 18. Qd6 h5 19. Qxe7+ Kxe7 20. Bb4+ Ke8 21. Rg1 hxg4 22. hxg4 Be6 23. Ke2 Bg5 24. Nd4 Rh2+ 25. Kf3 Rh3+ 26. Kg2 Bxg4 27. Kf1 Rh4 28. Be1 Bh3+ 29. Ke2 Re4+ 30. Kf3 Rxe5 31. Rh1 Bc8 32. Rh8+ Ke7 33. Bg3 Re3+ 34. Kf2 Kf6 35. Nf3 Rxf3+ 36. Kxf3 Bg4+ 37. Kxg4 Rxh8 38. Rd1 Kg6 39. Rd7 f5+ 40. Kf3 f4 41. Bf2 b5 42. Rd6+ Kf5 43. Rd5+ Kg6 44. Rd6+ Kf5 45. Rd5+ Kg6 1/2-1/2

[Event "DEN-chT 2223 60th"]
[Site "Denmark"]
[Date "2022.11.20"]
[Round "3.1"]
[White "Ostergaard, Jens"]
[Black "Simonsen, Carsten"]
[Result "1-0"]
[WhiteElo "2253"]
[BlackElo "2234"]
[PlyCount "51"]
[EventDate "2022.10.29"]
[EventType "team-tourn"]
[EventRounds "9"]
[EventCountry "DEN"]
[SourceTitle "CBM 213 Extra"]
[Source "ChessBase"]
[SourceDate "2023.05.31"]
[SourceVersion "1"]
[SourceVersionDate "2023.05.31"]
[SourceQuality "1"]
[WhiteTeam "Hillerod"]
[BlackTeam "Obro"]
[WhiteTeamCountry "DEN"]
[BlackTeamCountry "DEN"]

1. d4 Nf6 2. Nf3 g6 3. c4 Bg7 4. Nc3 d5 5. cxd5 Nxd5 6. e4 Nxc3 7. bxc3 c5 8. Bb5+ Nc6 9. 0-0 0-0 10. Bxc6 bxc6 11. Qc2 Qa5 12. Rb1 Be6 13. a4 f5 14. exf5 Bxf5 15. Qa2+ Kh8 16. Rb7 Qxc3 17. Bb2 Qd3 18. dxc5 Rae8 19. Re1 Be4 20. Bxg7+ Kxg7 21. Qa1+ Kg8 22. Ng5 Bd5 23. Rbxe7 Rxe7 24. Rxe7 Bf7 25. Ne6 Bxe6 26. Qg7# 1-0

[Event "DEN-chT 2122 59th"]
[Site "Denmark"]
[Date "2021.12.12"]
[Round "3.6"]
[White "Berg, Klaus"]
[Black "Simonsen, Carsten"]
[Result "1/2-1/2"]
[WhiteElo "2287"]
[BlackElo "2218"]
[PlyCount "60"]
[EventDate "2021.10.30"]
[EventType "team-tourn"]
[EventRounds "9"]
[EventCountry "DEN"]
[SourceTitle "EXT 2024"]
[Source "ChessBase"]
[SourceDate "2023.10.10"]
[SourceVersion "1"]
[SourceVersionDate "2023.10.10"]
[SourceQuality "1"]
[WhiteTeam "Skanderborg Nordea"]
[BlackTeam "Obro"]
[WhiteTeamCountry "DEN"]
[BlackTeamCountry "DEN"]

1. c4 e6 2. Nc3 d5 3. e3 Nf6 4. Nf3 Be7 5. d4 0-0 6. Bd3 a6 7. 0-0 dxc4 8. Bxc4 b5 9. Bd3 Bb7 10. a3 c5 11. dxc5 Bxc5 12. b4 Be7 13. Bb2 Nbd7 14. Qe2 Bxf3 15. gxf3 Ne5 16. Rfd1 Nxd3 17. Rxd3 Qb6 18. Rad1 Rad8 19. Rxd8 Rxd8 20. Rxd8+ Qxd8 21. a4 Bxb4 22. axb5 axb5 23. Qxb5 Bxc3 24. Bxc3 Nd5 25. Be5 f6 26. Qb8 Qxb8 27. Bxb8 Kf7 28. f4 Kg6 29. Kg2 Kh5 30. Bd6 h6 1/2-1/2

[Event "DEN-chT 2122 59th"]
[Site "Denmark"]
[Date "2021.10.31"]
[Round "2.2"]
[White "Rathlev, Jakob"]
[Black "Simonsen, Carsten"]
[Result "1-0"]
[WhiteElo "2201"]
[BlackElo "2218"]
[PlyCount "147"]
[EventDate "2021.10.30"]
[EventType "team-tourn"]
[EventRounds "9"]
[EventCountry "DEN"]
[SourceTitle "CBM 204 Extra"]
[Source "ChessBase"]
[SourceDate "2021.11.30"]
[SourceVersion "1"]
[SourceVersionDate "2021.11.30"]
[SourceQuality "1"]
[WhiteTeam "Jetsmark"]
[BlackTeam "Obro"]
[WhiteTeamCountry "DEN"]
[BlackTeamCountry "DEN"]

1. d4 d5 2. Bf4 Nf6 3. e3 e6 4. Nd2 Bd6 5. c3 c5 6. Ngf3 Bxf4 7. exf4 cxd4 8. Nxd4 Nc6 9. N2f3 Qc7 10. g3 0-0 11. Bd3 e5 12. fxe5 Nxe5 13. Nxe5 Qxe5+ 14. Qe2 Re8 15. 0-0-0 Qc7 16. Qc2 Qa5 17. Kb1 Bd7 18. Rde1 b5 19. Rxe8+ Rxe8 20. Qd2 Ne4 21. Bxe4 dxe4 22. Qg5 Qb6 23. Qd5 Rd8 24. Qxe4 b4 25. Ka1 bxc3 26. bxc3 Qc5 27. Qd3 Bf5 28. Qe3 Be4 29. Re1 Bc6 30. Nb3 Qc4 31. Kb2 a6 32. Re2 g6 33. Rd2 Rb8 34. Rd4 Qf1 35. Qd2 Kg7 36. Rd6 Bb5 37. Qd4+ Kg8 38. Rd8+ Rxd8 39. Qxd8+ Kg7 40. Qd4+ Kg8 41. h4 h5 42. a4 Qe2+ 43. Ka3 Bc4 44. Kb4 Be6 45. Nc5 Ba2 46. Ka5 Bc4 47. Ne4 Qa2 48. Nd6 Bb3 49. Kxa6 Bxa4 50. c4 Bd7+ 51. Kb6 Qa8 52. Kc7 Qc6+ 53. Kb8 Be6 54. Ka7 Qd7+ 55. Kb6 Bxc4 56. Kc5 Be6 57. Nb5 Qe7+ 58. Qd6 Qf6 59. Qd4 Qf5+ 60. Kb4 Qb1+ 61. Kc5 Qb3 62. Nd6 Qa3+ 63. Kb6 Qa8 64. Kc7 Qa5+ 65. Qb6 Qc3+ 66. Kb8 Kg7 67. Ne8+ Kf8 68. Nc7 Qe5 69. Kb7 Bf5 70. Qb4+ Kg7 71. Qb6 Be4+ 72. Kc8 Bf5+ 73. Kb7 Qf6 74. Ne8+ 1-0

[Event "Copenhagen Obro 85th Anniv"]
[Site "Copenhagen"]
[Date "2021.10.18"]
[Round "1"]
[White "Simonsen, Carsten"]
[Black "Hector, Jonny"]
[Result "0-1"]
[WhiteElo "2218"]
[BlackElo "2443"]
[PlyCount "66"]
[EventDate "2021.10.18"]
[EventType "swiss"]
[EventRounds "9"]
[EventCountry "DEN"]
[SourceTitle "CBM 204 Extra"]
[Source "ChessBase"]
[SourceDate "2021.11.30"]
[SourceVersion "1"]
[SourceVersionDate "2021.11.30"]
[SourceQuality "1"]

1. d4 d5 2. Bf4 c5 3. e3 Nc6 4. c3 Nf6 5. Nd2 cxd4 6. exd4 Bf5 7. Ngf3 e6 8. Qb3 Bd6 9. Qxb7 Bxf4 10. Qxc6+ Kf8 11. Ne5 g6 12. Qb7 Bxe5 13. dxe5 Ng4 14. Qb4+ Kg8 15. Be2 Nxe5 16. 0-0 Rb8 17. Qf4 f6 18. Nb3 Nd7 19. Qd2 Qb6 20. c4 Rd8 21. cxd5 Ne5 22. Rfd1 exd5 23. Nd4 Bc8 24. Rac1 Kg7 25. Rc3 Rhe8 26. Rdc1 Kh8 27. Rb3 Qd6 28. Qa5 Nc4 29. Qc3 Ba6 30. Bf1 Rc8 31. Bxc4 Rxc4 32. Qd2 Rxc1+ 33. Qxc1 Qc5 0-1

[Event "DEN Club Cup"]
[Site "Koge"]
[Date "2021.06.25"]
[Round "1.4"]
[White "Ostergaard, Jens"]
[Black "Simonsen, Carsten"]
[Result "1-0"]
[WhiteElo "2226"]
[BlackElo "2236"]
[PlyCount "125"]
[EventDate "2021.06.25"]
[EventType "team-tourn"]
[EventRounds "5"]
[EventCountry "DEN"]
[SourceTitle "EXT 2023"]
[Source "ChessBase"]
[SourceDate "2022.10.05"]
[SourceVersion "1"]
[SourceVersionDate "2022.10.05"]
[SourceQuality "1"]
[WhiteTeam "Hillerod"]
[BlackTeam "Obro"]
[WhiteTeamCountry "DEN"]
[BlackTeamCountry "DEN"]

1. d4 d5 2. Nf3 e6 3. c4 Nf6 4. Nc3 Be7 5. Bg5 h6 6. Bxf6 Bxf6 7. e3 0-0 8. Rc1 c6 9. Bd3 Nd7 10. 0-0 dxc4 11. Bxc4 e5 12. h3 exd4 13. exd4 Nb6 14. Bb3 Re8 15. Re1 Bf5 16. Rxe8+ Qxe8 17. Qd2 Qd7 18. Re1 Rd8 19. Qf4 Bd3 20. Rd1 Qf5 21. Qc7 Rd7 22. Qb8+ Kh7 23. Qxa7 Nc4 24. Bxc4 Bxc4 25. Re1 Qc2 26. Qc5 Bd3 27. Re3 Bg6 28. h4 Qxb2 29. h5 Bc2 30. Kh2 Bd8 31. Re2 b6 32. Qxc6 Rc7 33. Qd5 Qxc3 34. Qxd8 Rc8 35. Qxb6 Bf5 36. Qb7 Qc4 37. Re5 Be6 38. a4 Rd8 39. Qb5 Qc1 40. Qd3+ Kg8 41. Qe3 Qc7 42. g3 Qd7 43. a5 Bd5 44. Nh4 Be6 45. a6 Qxd4 46. Qxd4 Rxd4 47. Ra5 Rd8 48. Nf3 Bd5 49. Nd4 Ba8 50. Ra4 g6 51. hxg6 fxg6 52. g4 Kf7 53. a7 Kf6 54. Nb5 Kg5 55. Nc7 Rc8 56. Nxa8 Rxa8 57. Kg3 Kf6 58. Kf4 h5 59. Ra6+ Kg7 60. gxh5 gxh5 61. Kg5 Kf7 62. Kxh5 Ke7 63. Kg6 1-0

[Event "DEN-chT 1920 58th"]
[Site "Denmark"]
[Date "2020.01.26"]
[Round "6.6"]
[White "Kristensen, Kaare Hove"]
[Black "Simonsen, Carsten"]
[Result "1/2-1/2"]
[WhiteElo "2345"]
[BlackElo "2232"]
[PlyCount "140"]
[EventDate "2019.11.23"]
[EventType "team-tourn"]
[EventRounds "9"]
[EventCountry "DEN"]
[SourceTitle "CBM 195 Extra"]
[Source "ChessBase"]
[SourceDate "2020.05.31"]
[SourceVersion "1"]
[SourceVersionDate "2020.05.31"]
[SourceQuality "1"]
[WhiteTeam "Nordkallotten"]
[BlackTeam "Obro"]
[WhiteTeamCountry "DEN"]
[BlackTeamCountry "DEN"]

1. d4 Nf6 2. c4 g6 3. f3 d5 4. cxd5 Nxd5 5. e4 Nb6 6. Nc3 Bg7 7. Be3 0-0 8. Qd2 Nc6 9. 0-0-0 Qd6 10. Nb5 Qd7 11. Bh6 Bxh6 12. Qxh6 Nb4 13. Nc3 Qd6 14. h4 Be6 15. d5 Bd7 16. a3 Na6 17. h5 gxh5 18. Qxh5 Qg6 19. Bxa6 Qxh5 20. Rxh5 bxa6 21. Nge2 f6 22. b3 c5 23. e5 Be8 24. Rh6 fxe5 25. Re6 Rf7 26. Rxe5 Rb8 27. Ne4 Nd7 28. Rg5+ Rg7 29. Rxg7+ Kxg7 30. Kb2 a5 31. Kc3 a4 32. bxa4 Nb6 33. Nxc5 Nxa4+ 34. Nxa4 Bxa4 35. Rd3 Rb3+ 36. Kd4 Rb2 37. Re3 Kf7 38. g4 Bd7 39. Nf4 Rd2+ 40. Nd3 Bb5 41. Kc3 Ra2 42. Kb4 a6 43. Ne5+ Kf6 44. Nc6 Re2 45. Rb3 Rc2 46. Rc3 Rxc3 47. Kxc3 Be2 48. Nd4 Bd1 49. Kd2 Ba4 50. f4 h6 51. Nc2 e5 52. dxe6 Kxe6 53. Ne3 Kf6 54. Kc3 Bc6 55. Kb4 Bf3 56. Ka5 Be2 57. a4 Ke6 58. Kb6 Kd7 59. a5 Ke6 60. Kc5 h5 61. gxh5 Bxh5 62. Kb6 Be2 63. Nc2 Bf1 64. Nb4 Kf5 65. Nxa6 Kxf4 66. Nc7 Ke5 67. Nb5 Ke6 68. a6 Kd7 69. a7 Bg2 70. Nd4 Ba8 1/2-1/2

[Event "DEN-chT 1516 54th"]
[Site "Denmark"]
[Date "2016.03.05"]
[Round "8.4"]
[White "Simonsen, Carsten"]
[Black "Rendboe, John Filip"]
[Result "1/2-1/2"]
[WhiteElo "2217"]
[BlackElo "2181"]
[PlyCount "86"]
[EventDate "2015.10.31"]
[EventType "team-tourn"]
[EventRounds "9"]
[EventCountry "DEN"]
[SourceTitle "EXT 2017"]
[Source "ChessBase"]
[SourceDate "2016.10.25"]
[SourceVersion "1"]
[SourceVersionDate "2016.10.25"]
[SourceQuality "1"]
[WhiteTeam "Obro"]
[BlackTeam "Aarhus/Skolerne"]
[WhiteTeamCountry "DEN"]
[BlackTeamCountry "DEN"]

1. d4 d5 2. c4 e6 3. Nc3 Be7 4. Nf3 Nf6 5. Bf4 0-0 6. e3 c5 7. dxc5 Bxc5 8. a3 b6 9. cxd5 Nxd5 10. Nxd5 exd5 11. Be2 Nc6 12. Rc1 a5 13. 0-0 Bb7 14. Ne5 Nxe5 15. Bxe5 Re8 16. Bd4 Bxd4 17. Qxd4 Re4 18. Qd2 Qe7 19. Bf3 Rc4 20. Bxd5 Rxc1 21. Rxc1 Bxd5 22. Qxd5 Rd8 23. Qc6 Qe6 24. Qc7 Qd5 25. g3 Qd2 26. Qc3 g6 27. b4 axb4 28. Qxd2 Rxd2 29. axb4 Rb2 30. Rc4 h5 31. h4 Kg7 32. Kg2 b5 33. Rd4 Kf6 34. Kf3 Ke5 35. g4 hxg4+ 36. Rxg4 Ke6 37. Rf4 f5 38. Rd4 Ke5 39. Kg3 Re2 40. f4+ Ke6 41. Kf3 Rb2 42. Kg3 Re2 43. Rd3 Rb2 1/2-1/2

[Event "DEN-chT 1516 54th"]
[Site "Denmark"]
[Date "2016.02.07"]
[Round "7.6"]
[White "Simonsen, Carsten"]
[Black "Christensen, Jan"]
[Result "1-0"]
[WhiteElo "2217"]
[BlackElo "2190"]
[PlyCount "81"]
[EventDate "2015.10.31"]
[EventType "team-tourn"]
[EventRounds "9"]
[EventCountry "DEN"]
[SourceTitle "EXT 2018"]
[Source "ChessBase"]
[SourceDate "2017.10.13"]
[SourceVersion "1"]
[SourceVersionDate "2017.10.13"]
[SourceQuality "1"]
[WhiteTeam "Obro"]
[BlackTeam "Nordre"]
[WhiteTeamCountry "DEN"]
[BlackTeamCountry "DEN"]

1. d4 Nf6 2. Bg5 Ne4 3. Bf4 c5 4. d5 e6 5. f3 Nf6 6. e4 exd5 7. exd5 d6 8. Nc3 Be7 9. Qd2 0-0 10. 0-0-0 a6 11. Nge2 b5 12. Ng3 Re8 13. Nce4 Bb7 14. c4 bxc4 15. Bxc4 Nbd7 16. Nf5 Nxe4 17. fxe4 Nb6 18. Bd3 c4 19. Bc2 Rc8 20. Nxe7+ Rxe7 21. Qc3 Qd7 22. Qg3 c3 23. b3 Qb5 24. Bxd6 Ree8 25. Rd3 Rxe4 26. Rxc3 Rxc3 27. Qxc3 Re8 28. Re1 Rc8 29. Qd4 Nxd5 30. Kb2 Qc6 31. Qe4 Qc3+ 32. Kb1 Nf6 33. Qe2 Qc6 34. Be5 Re8 35. Qd2 Qxg2 36. Re2 Qf1+ 37. Kb2 Nd5 38. Rf2 Qh3 39. Bd4 Qe6 40. Qg5 g6 41. Qh6 1-0

[Event "DEN-chT 1516 54th"]
[Site "Denmark"]
[Date "2016.01.10"]
[Round "5.6"]
[White "Boe, Mads"]
[Black "Simonsen, Carsten"]
[Result "0-1"]
[WhiteElo "2330"]
[BlackElo "2217"]
[PlyCount "84"]
[EventDate "2015.10.31"]
[EventType "team-tourn"]
[EventRounds "9"]
[EventCountry "DEN"]
[SourceTitle "EXT 2018"]
[Source "ChessBase"]
[SourceDate "2017.10.13"]
[SourceVersion "1"]
[SourceVersionDate "2017.10.13"]
[SourceQuality "1"]
[WhiteTeam "Skanderborg Nordea"]
[BlackTeam "Obro"]
[WhiteTeamCountry "DEN"]
[BlackTeamCountry "DEN"]

1. e4 e5 2. Nc3 Nf6 3. Bc4 Nc6 4. d3 Na5 5. Nge2 Bc5 6. 0-0 Nxc4 7. dxc4 d6 8. Qd3 Be6 9. b3 0-0 10. Be3 Nd7 11. Bxc5 Nxc5 12. Qe3 f5 13. f4 Qf6 14. exf5 Qxf5 15. fxe5 Qxe5 16. Qxe5 dxe5 17. Ng3 Rae8 18. Rfe1 Bf5 19. Nxf5 Rxf5 20. Rad1 g6 21. Nb5 Re7 22. Nxa7 e4 23. Nb5 e3 24. Nd4 Rfe5 25. Nf3 Re4 26. Rd4 Kg7 27. Rxe4 Rxe4 28. Kf1 Kf6 29. Ke2 Kf5 30. Rd1 c6 31. Rf1 Re7 32. c3 Ne4 33. Nd2+ Nf2 34. c5 Kg5 35. Nc4 Ne4 36. Rc1 Nf6 37. Kd3 Nd5 38. g3 Kg4 39. Re1 Kf3 40. Re2 h5 41. Re1 e2 42. Na3 Ne3 0-1

[Event "DEN-chT 1516 54th"]
[Site "Denmark"]
[Date "2015.10.31"]
[Round "1"]
[White "Simonsen, Carsten"]
[Black "Kramer, Svend Erik"]
[Result "1-0"]
[WhiteElo "2217"]
[BlackElo "2048"]
[PlyCount "93"]
[EventDate "2015.10.31"]
[EventType "team-tourn"]
[EventRounds "9"]
[EventCountry "DEN"]
[SourceTitle "CBM 169 Extra"]
[Source "ChessBase"]
[SourceDate "2015.12.18"]
[SourceVersion "1"]
[SourceVersionDate "2015.12.18"]
[SourceQuality "1"]
[WhiteTeam "Obro"]
[BlackTeam "Bov"]
[WhiteTeamCountry "DEN"]
[BlackTeamCountry "DEN"]

1. d4 f5 2. Nf3 Nf6 3. g3 e6 4. Bg2 Be7 5. 0-0 0-0 6. c4 d6 7. Nc3 Ne4 8. Nxe4 fxe4 9. Ne1 d5 10. f3 dxc4 11. fxe4 e5 12. Rxf8+ Bxf8 13. e3 c5 14. d5 b5 15. a4 b4 16. Qc2 Ba6 17. Nf3 Nd7 18. Bh3 Bd6 19. Nd2 Qe7 20. a5 Rf8 21. Nxc4 Qf6 22. b3 Bxc4 23. bxc4 Qf3 24. Bg2 Qh5 25. Bb2 Nf6 26. Rf1 Ng4 27. Rxf8+ Kxf8 28. Bf3 Qg5 29. Bc1 Qg6 30. Qa4 Nf6 31. Qc6 Ne8 32. Qa8 Qf7 33. Bd1 Qc7 34. Ba4 Qb8 35. Qxb8 Bxb8 36. Bxe8 Kxe8 37. Kf2 Kd7 38. Kf3 Bc7 39. Bb2 Bd6 40. Kg4 g6 41. Kg5 Ke7 42. Kh6 Kf6 43. h4 a6 44. g4 Bc7 45. g5+ Kf7 46. Kxh7 Bd6 47. h5 1-0

[Event "DEN-chT 1415 53rd"]
[Site "Denmark"]
[Date "2015.01.25"]
[Round "6.8"]
[White "Simonsen, Carsten"]
[Black "Andersen, Ib Hother"]
[Result "1-0"]
[WhiteElo "2207"]
[BlackElo "2128"]
[PlyCount "93"]
[EventDate "2014.10.25"]
[EventType "team-tourn"]
[EventRounds "9"]
[EventCountry "DEN"]
[SourceTitle "EXT 2016"]
[Source "ChessBase"]
[SourceDate "2015.10.08"]
[SourceVersion "1"]
[SourceVersionDate "2015.10.08"]
[SourceQuality "1"]
[WhiteTeam "Obro"]
[BlackTeam "Hillerod"]
[WhiteTeamCountry "DEN"]
[BlackTeamCountry "DEN"]

1. d4 Nf6 2. c4 e6 3. Nc3 d5 4. cxd5 exd5 5. Bg5 Be7 6. e3 0-0 7. Bd3 b6 8. Bxf6 Bxf6 9. Qh5 g6 10. Qxd5 Qxd5 11. Nxd5 Bd8 12. Be4 c6 13. Nb4 Bb7 14. Rc1 Be7 15. Nxc6 Nxc6 16. Bxc6 Rac8 17. d5 Rfd8 18. Ne2 Bb4+ 19. Nc3 Bxc6 20. dxc6 Rxc6 21. Ke2 Rdc8 22. Kd3 Rd8+ 23. Kc2 Bxc3 24. bxc3 Rd5 25. Rhd1 Rdc5 26. Rd3 b5 27. Kb3 Kg7 28. e4 a6 29. Rcd1 Rc4 30. Re3 Kf6 31. f3 Ke6 32. Rd4 Rxd4 33. cxd4 Rc4 34. d5+ Kd6 35. Rc3 Rxc3+ 36. Kxc3 Kc5 37. a3 a5 38. Kd3 g5 39. g3 h5 40. h3 f6 41. Kc3 b4+ 42. axb4+ axb4+ 43. Kb3 Kb5 44. h4 Kc5 45. f4 g4 46. f5 Kb5 47. e5 1-0

[Event "DEN-chT 1415 53rd"]
[Site "Denmark"]
[Date "2014.10.26"]
[Round "2.8"]
[White "Nilssen, John Arni"]
[Black "Simonsen, Carsten"]
[Result "0-1"]
[WhiteElo "2288"]
[BlackElo "2207"]
[PlyCount "166"]
[EventDate "2014.10.25"]
[EventType "team-tourn"]
[EventRounds "9"]
[EventCountry "DEN"]
[SourceTitle "EXT 2016"]
[Source "ChessBase"]
[SourceDate "2015.10.08"]
[SourceVersion "1"]
[SourceVersionDate "2015.10.08"]
[SourceQuality "1"]
[WhiteTeam "Skanderborg Nordea"]
[BlackTeam "Obro"]
[WhiteTeamCountry "DEN"]
[BlackTeamCountry "DEN"]

1. c4 c5 2. Nf3 Nf6 3. e3 e6 4. d4 d5 5. Nc3 a6 6. a3 dxc4 7. Bxc4 b5 8. Ba2 Bb7 9. 0-0 Be7 10. Qe2 0-0 11. dxc5 Bxc5 12. b4 Be7 13. e4 Nbd7 14. Bb2 Rc8 15. Rfd1 Qc7 16. Rac1 Qf4 17. Rc2 Rfd8 18. Bc1 Qb8 19. Bg5 Re8 20. Bh4 Nb6 21. Bg3 Qa8 22. Nd2 Na4 23. Be5 Nxc3 24. Rxc3 Rxc3 25. Bxc3 Nxe4 26. Nxe4 Bxe4 27. Re1 Rc8 28. Bd4 Bf8 29. Qg4 Bf5 30. Qg3 Qe4 31. Qe3 Qxe3 32. fxe3 Be4 33. Bb3 g6 34. Rd1 Bg7 35. Bc5 Bf8 36. Bd4 Be7 37. Kf2 Rc6 38. Bb2 Rd6 39. Bd4 Bd5 40. Bc5 Bxb3 41. Bxd6 Bxd1 42. Bxe7 f5 43. Bf6 Kf7 44. Be5 Ke7 45. e4 g5 46. g3 Bc2 47. exf5 exf5 48. Ke3 Ke6 49. Kd4 Kf7 50. h4 gxh4 51. gxh4 Kg6 52. Ke3 Kh5 53. Bf6 Kg4 54. Bg5 Bb3 55. Bd8 f4+ 56. Kf2 Ba4 57. Bg5 Kf5 58. Bd8 Bc2 59. Bc7 Ke4 60. Bd6 Bd1 61. Bc7 Bg4 62. Bd6 h5 63. Bc7 f3 64. Bb6 Kd3 65. Ba5 Kc4 66. Ke3 Kb3 67. Kf2 Kxa3 68. Ke3 Kb3 69. Kf2 Kc4 70. Ke3 Kc3 71. Kf2 Kd3 72. Bb6 Ke4 73. Bd8 Bc8 74. Bc7 Bb7 75. Bd8 Kf4 76. Bg5+ Kg4 77. Be7 a5 78. bxa5 Kf4 79. Bf8 Ke4 80. Ke1 Kd3 81. Bc5 Kc3 82. Kf2 b4 83. a6 Bxa6 0-1